All Michigan Alumni to make the NFL Pro Bowl or All-Pro - Statistics

General Stats
  • This quiz has been taken 320 times
    287 since last reset
  • The average score is 27 of 49
Answer Stats
Hint Answer % Correct
2016 New England Patriots Tom Brady
100%
2015 New England Partiots Tom Brady
100%
2014 New England Patriots Tom Brady
100%
2013 New England Patriots Tom Brady
100%
2012 New England Patriots Tom Brady
100%
2011 New England Patriots Tom Brady
100%
2010 New England Patriots Tom Brady
100%
2009 New England Patriots Tom Brady
100%
2007 New England Patriots Tom Brady
100%
2005 New England Patriots Tom Brady
100%
2004 New England Patriots Tom Brady
100%
2001 New England Patriots Tom Brady
100%
2015 Oakland Raiders Charles Woodson
75%
2011 Green Bay Packers Charles Woodson
75%
2010 Green Bay Packers Charles Woodson
75%
2009 Green Bay Packers Charles Woodson
75%
2008 Green Bay Packers Charles Woodson
75%
2001 Oakland Raiders Charles Woodson
75%
2000 Oakland Raiders Charles Woodson
75%
1999 Oakland Raiders Charles Woodson
75%
1998 Oakland Raiders Charles Woodson
75%
2000 Detroit Lions Desmond Howard
47%
1996 Green Bay Packers Desmond Howard
47%
2016 Tennessee Titans Taylor Lewan
44%
2016 Philadelphia Eagles Brandon Graham
43%
2011 Miami Dolphins Jake Long
38%
2010 Miami Dolphins Jake Long
38%
2009 Miami Dolphins Jake Long
38%
2008 Miami Dolphins Jake Long
38%
2005 New York Jets Ty Law
37%
2003 New England Patriots Ty Law
37%
2002 New England Patriots Ty Law
37%
2001 New England Patriots Ty Law
37%
1998 New England Patriots Ty Law
37%
1997 New England Patriots Ty Law
37%
2007 Clevland Browns Braylon Edwards
32%
2009 Minnesota Vikings Steve Hutchinson
28%
2008 Minnesota Vikings Steve Hutchinson
28%
2007 Minnesota Vikings Steve Hutchinson
28%
2006 Minnesota Vikings Steve Hutchinson
28%
2005 Seattle Seahawks Steve Hutchinson
28%
2004 Seattle Seahawks Steve Hutchinson
28%
2003 Seattle Seahawks Steve Hutchinson
28%
1996 Indianapollis Colts Jim Harbaugh
23%
2000 Denver Broncos Brian Griese
16%
2009 Pittsburgh Steelers LaMarr Woodley
13%
2009 Cincinnati Bengals Leon Hall
11%
2009 New York Jets David Harris
6%
2005 New York Giants (alternate only) Jay Feely
3%
No matching quizzes found
Score Distribution
Percent of People with Each Score
Percentile by Number Answered
Your Score History
You have not taken this quiz since the last reset